Full 2024 NFL Draft - Statistics

General Stats
  • This quiz has been taken 217 times
    157 since last reset
  • The average score is 47 of 257
Answer Stats
Round Pick Team Position School Player % Correct
1 1 Chicago Bears QB USC Caleb Williams
100%
1 3 New England Patriots QB North Carolina Drake Maye
95%
1 2 Washington Commanders QB LSU Jayden Daniels
95%
1 6 New York Giants WR LSU Malik Nabers
76%
1 4 Arizona Cardinals WR Ohio State Marvin Harrison Jr.
74%
1 5 Los Angeles Chargers OT Notre Dame Joe Alt
73%
1 10 Minnesota Vikings QB Michigan J.J. McCarthy
68%
1 12 Denver Broncos QB Oregon Bo Nix
67%
1 8 Atlanta Falcons QB Washington Michael Penix Jr.
67%
1 9 Chicago Bears WR Washington Rome Odunze
65%
1 13 Las Vegas Raiders TE Georgia Brock Bowers
64%
1 23 Jacksonville Jaguars WR LSU Brian Thomas Jr.
52%
1 7 Tennessee Titans OT Alabama J.C. Latham
52%
1 19 Los Angeles Rams DE Florida State Jared Verse
50%
1 28 Kansas City Chiefs WR Texas Xavier Worthy
50%
2 40 Philadelphia Eagles CB Iowa Cooper DeJean
49%
2 33 Buffalo Bills WR Florida State Keon Coleman
49%
1 24 Detroit Lions CB Alabama Terrion Arnold
49%
1 22 Philadelphia Eagles CB Toledo Quinyon Mitchell
48%
1 32 Carolina Panthers WR South Carolina Xavier Legette
48%
1 21 Miami Dolphins DE Penn State Chop Robinson
47%
1 31 San Francisco 49ers WR Florida Ricky Pearsall
47%
1 17 Minnesota Vikings LB Alabama Dallas Turner
46%
1 16 Seattle Seahawks DT Texas Byron Murphy II
45%
1 11 New York Jets OT Penn State Olu Fashanu
45%
2 34 Los Angeles Chargers WR Georgia Ladd McConkey
44%
1 18 Cincinnati Bengals OT Georgia Amarius Mims
43%
1 15 Indianapolis Colts DE UCLA Laiatu Latu
43%
1 30 Baltimore Ravens CB Clemson Nate Wiggins
43%
2 41 New Orleans Saints CB Alabama Kool-Aid McKinstry
42%
1 14 New Orleans Saints OT Oregon State Taliese Fuaga
41%
1 20 Pittsburgh Steelers OT Washington Troy Fautanu
39%
2 52 Indianapolis Colts WR Texas Adonai Mitchell
37%
3 83 Los Angeles Rams RB Michigan Blake Corum
35%
1 26 Tampa Bay Buccaneers C Duke Graham Barton
35%
1 29 Dallas Cowboys OT Oklahoma Tyler Guyton
35%
2 37 New England Patriots WR Washington Ja'Lynn Polk
34%
1 27 Arizona Cardinals DE Missouri Darius Robinson
33%
1 25 Green Bay Packers OT Arizona Jordan Morgan
33%
2 44 Las Vegas Raiders C Oregon Jackson Powers-Johnson
32%
2 36 Washington Commanders DT Illinois Jer'Zhan Newton
32%
2 42 Houston Texans CB Georgia Kamari Lassiter
31%
5 150 New Orleans Saints QB South Carolina Spencer Rattler
31%
2 53 Washington Commanders TE Kansas State Ben Sinnott
30%
2 39 Los Angeles Rams DT Florida State Braden Fiske
30%
2 47 New York Giants S Minnesota Tyler Nubin
30%
2 51 Pittsburgh Steelers C West Virginia Zach Frazier
30%
2 46 Carolina Panthers RB Texas Jonathon Brooks
29%
2 45 Green Bay Packers LB Texas A&M Edgerrin Cooper
28%
3 84 Pittsburgh Steelers WR Michigan Roman Wilson
28%
3 66 Arizona Cardinals RB Florida State Trey Benson
27%
2 38 Tennessee Titans DT Texas T'Vondre Sweat
27%
3 92 Tampa Bay Buccaneers WR Washington Jalen McMillan
26%
4 101 Carolina Panthers TE Texas Ja'Tavion Sanders
26%
3 100 Washington Commanders WR Rice Luke McCaffrey
26%
2 43 Arizona Cardinals CB Rutgers Max Melton
26%
2 61 Detroit Lions CB Missouri Ennis Rakestraw Jr.
25%
2 50 Washington Commanders CB Michigan Mike Sainristil
25%
2 35 Atlanta Falcons DT Clemson Ruke Orhorhoro
25%
3 65 New York Jets WR Western Kentucky Malachi Corley
24%
6 193 New England Patriots QB Tennessee Joe Milton
23%
2 63 Kansas City Chiefs OT BYU Kingsley Suamataia
23%
2 49 Cincinnati Bengals DT Michigan Kris Jenkins
23%
4 107 New York Giants TE Penn State Theo Johnson
23%
4 102 Denver Broncos WR Oregon Troy Franklin
23%
7 225 Los Angeles Chargers WR USC Brenden Rice
22%
4 125 Tampa Bay Buccaneers RB Oregon Bucky Irving
22%
3 73 Dallas Cowboys G Kansas State Cooper Beebe
22%
3 80 Cincinnati Bengals WR Alabama Jermaine Burton
22%
2 55 Miami Dolphins OT Houston Patrick Paul
22%
4 134 New York Jets RB Wisconsin Braelon Allen
21%
5 171 New York Jets QB Florida State Jordan Travis
21%
3 69 Los Angeles Chargers LB Michigan Junior Colson
21%
3 99 Los Angeles Rams S Miami Kamren Kinchens
21%
2 54 Cleveland Browns DT Ohio State Michael Hall Jr.
21%
2 62 Baltimore Ravens OT Washington Roger Rosengarten
21%
2 60 Buffalo Bills S Utah Cole Bishop
20%
2 58 Green Bay Packers S Georgia Javon Bullard
20%
2 56 Dallas Cowboys DE Western Michigan Marshawn Kneeland
20%
3 98 Pittsburgh Steelers LB NC State Payton Wilson
20%
5 147 Denver Broncos RB Notre Dame Audric Estime
19%
3 81 Seattle Seahawks G UConn Christian Haynes
19%
4 115 Cincinnati Bengals TE Iowa Erick All
19%
4 129 San Francisco 49ers RB Louisville Isaac Guerendo
19%
2 48 Jacksonville Jaguars DT LSU Maason Smith
19%
4 123 Houston Texans TE Ohio State Cade Stover
18%
3 86 San Francisco 49ers G Kansas Dominick Puni
18%
4 110 New England Patriots WR UCF Javon Baker
18%
3 75 Chicago Bears OT Yale Kiran Amegadjie
18%
3 88 Green Bay Packers RB USC MarShawn Lloyd
18%
4 128 Buffalo Bills RB Kentucky Ray Davis
18%
2 64 San Francisco 49ers CB Florida State Renardo Green
18%
4 127 Philadelphia Eagles RB Clemson Will Shipley
18%
3 85 Cleveland Browns G Michigan Zak Zinter
18%
3 70 New York Giants CB Kentucky Andru Phillips
17%
3 74 Atlanta Falcons DE Washington Bralen Trice
17%
4 113 Baltimore Ravens WR North Carolina Devontez Walker
17%
4 120 Miami Dolphins RB Tennessee Jaylen Wright
17%
3 76 Denver Broncos DE Utah Jonah Elliss
17%
7 245 Green Bay Packers QB Tulane Michael Pratt
17%
3 82 Arizona Cardinals TE Illinois Tip Reiman
17%
2 59 Houston Texans OT Notre Dame Blake Fisher
16%
4 132 Detroit Lions S Utah Sione Vaki
16%
6 185 Philadelphia Eagles WR Florida State Johnny Wilson
15%
4 108 Minnesota Vikings CB Oregon Khyree Jackson
15%
6 184 Miami Dolphins WR Virginia Malik Washington
15%
4 130 Baltimore Ravens CB Iowa State T.J. Tampa
15%
6 203 Minnesota Vikings K Alabama Will Reichard
15%
5 144 Chicago Bears DE Kansas Austin Booker
14%
4 106 Tennessee Titans LB North Carolina Cedric Gray
14%
2 57 Tampa Bay Buccaneers LB Alabama Chris Braswell
14%
3 90 Arizona Cardinals CB Boston College Elijah Jones
14%
4 135 San Francisco 49ers WR Arizona Jacob Cowing
14%
3 94 Philadelphia Eagles LB Houston Christian Jalyx Hunt
14%
5 155 Philadelphia Eagles LB Clemson Jeremiah Trotter Jr.
14%
3 79 Indianapolis Colts OT Pittsburgh Matt Goncalves
14%
3 97 Cincinnati Bengals DT Texas A&M McKinnley Jackson
14%
5 141 Buffalo Bills C Georgia Sedrick Van Pran-Granger
14%
4 122 Chicago Bears P Iowa Tory Taylor
14%
3 72 Carolina Panthers LB Kentucky Trevin Wallace
14%
3 89 Tampa Bay Buccaneers S Georgia Tykee Smith
14%
3 67 Washington Commanders G TCU Brandon Coleman
13%
4 109 Atlanta Falcons DT Oregon Brandon Dorlus
13%
3 68 New England Patriots OT Penn State Caedan Wallace
13%
6 210 Detroit Lions G Boston College Christian Mahogany
13%
4 104 Arizona Cardinals S Texas Tech Dadrion Taylor-Demerson
13%
3 77 Las Vegas Raiders OT Maryland Delmar Glaze
13%
3 95 Buffalo Bills DT Duke DeWayne Carter
13%
4 124 San Francisco 49ers S Wake Forest Malik Mustapha
13%
5 148 Las Vegas Raiders LB Ohio State Tommy Eichenberg
13%
5 166 New York Giants RB Purdue Tyrone Tracy Jr.
13%
5 138 Arizona Cardinals DE Clemson Xavier Thomas
13%
3 93 Baltimore Ravens LB Penn State Adisa Isaac
12%
5 170 New Orleans Saints WR Pittsburgh Bub Means
12%
5 140 Los Angeles Chargers CB Notre Dame Cam Hart
12%
6 192 Seattle Seahawks CB Auburn D.J. James
12%
6 208 Las Vegas Raiders RB New Hampshire Dylan Laube
12%
4 126 Detroit Lions OT British Columbia Giovanni Manu
12%
3 71 Arizona Cardinals G Illinois Isaiah Adams
12%
3 96 Jacksonville Jaguars CB Florida State Jarrian Jones
12%
4 105 Los Angeles Chargers DT Alabama Justin Eboigbe
12%
6 181 Los Angeles Chargers RB Troy Kimani Vidal
12%
4 103 New England Patriots G Texas A&M Layden Robinson
12%
3 87 Dallas Cowboys LB Notre Dame Marist Liufau
12%
6 189 Detroit Lions DT LSU Mekhi Wingo
12%
5 158 Miami Dolphins DE Colorado State Mohamed Kamara
12%
4 121 Seattle Seahawks TE Michigan A.J. Barner
11%
3 78 Houston Texans S USC Calen Bullock
11%
4 112 Las Vegas Raiders CB Mississippi State Decamerion Richardson
11%
4 133 Kansas City Chiefs S Washington State Jaden Hicks
11%
4 131 Kansas City Chiefs TE TCU Jared Wiley
11%
5 165 Baltimore Ravens RB Marshall Rasheen Ali
11%
4 117 Indianapolis Colts C Wisconsin Tanor Bortolini
11%
3 91 Green Bay Packers LB Missouri Ty'Ron Hopper
11%
6 177 Minnesota Vikings OT Oklahoma Walter Rouse
11%
5 168 Buffalo Bills DE Troy Javon Solomon
10%
4 116 Jacksonville Jaguars DT LSU Jordan Jefferson
10%
5 145 Denver Broncos CB Missouri Kris Abrams-Draine
10%
4 119 Pittsburgh Steelers G South Dakota State Mason McCormick
10%
5 162 Arizona Cardinals OT Texas Christian Jones
9%
6 218 Baltimore Ravens QB Kentucky Devin Leary
9%
4 111 Green Bay Packers S Oregon Evan Williams
9%
5 159 Kansas City Chiefs C Penn State Hunter Nourzad
9%
7 231 New England Patriots TE Florida State Jaheim Bell
9%
5 146 Tennessee Titans CB Louisville Jarvis Brownlee Jr.
9%
4 114 Jacksonville Jaguars OT Missouri Javon Foster
9%
5 149 Cincinnati Bengals CB TCU Josh Newton
9%
6 178 Pittsburgh Steelers DT Iowa Logan Lee
9%
6 180 New England Patriots CB South Carolina Marcellas Dial
9%
5 137 Los Angeles Chargers CB Maryland Tarheeb Still
9%
6 196 Los Angeles Rams DT Clemson Tyler Davis
9%
5 152 Philadelphia Eagles WR Texas A&M Ainias Smith
8%
5 174 Dallas Cowboys CB Wake Forest Caelen Carson
8%
5 156 Cleveland Browns WR Louisville Jamari Thrash
8%
6 186 Atlanta Falcons RB Alabama Jase McClellan
8%
6 209 Los Angeles Rams K Stanford Joshua Karty
8%
5 136 Seattle Seahawks CB Auburn Nehemiah Pritchett
8%
4 118 Seattle Seahawks LB UTEP Tyrice Knight
8%
6 212 Jacksonville Jaguars K Arkansas Cam Little
7%
5 175 New Orleans Saints LB Texas Jaylan Ford
7%
5 169 Green Bay Packers S Oregon State Kitan Oladapo
7%
5 176 New York Jets CB N/A Qwan'tez Stiggers
7%
7 241 Miami Dolphins WR USC Tahj Washington
7%
5 142 Indianapolis Colts WR Oregon State Anthony Gould
6%
6 217 Los Angeles Rams C Arkansas Beaux Limmer
6%
5 157 Carolina Panthers CB Washington State Chau Smith-Wade
6%
7 248 Kansas City Chiefs G Holy Cross C.J. Hanson
6%
7 253 Los Angeles Chargers WR Michigan Cornelius Johnson
6%
7 235 Denver Broncos WR Utah Devaughn Vele
6%
5 160 Buffalo Bills LB Washington Edefuan Ulofoshio
6%
5 173 New York Jets RB South Dakota State Isaiah Davis
6%
5 163 Green Bay Packers C Duke Jacob Monk
6%
5 143 Atlanta Falcons LB Notre Dame J.D. Bertrand
6%
5 139 Washington Commanders LB Temple Jordan Magee
6%
6 213 Los Angeles Rams WR Texas Jordan Whittington
6%
7 255 Green Bay Packers CB Penn State Kalen King
6%
5 154 Los Angeles Rams DE Washington State Brennan Jackson
5%
6 183 New York Giants LB UCLA Darius Muasau
5%
5 161 Washington Commanders S Washington Dominique Hampton
5%
6 190 Philadelphia Eagles G NC State Dylan McMahon
5%
6 200 Carolina Panthers DT Mississippi State Jaden Crumedy
5%
6 215 San Francisco 49ers G USC Jarrett Kingston
5%
6 205 Houston Texans RB Louisville Jawhar Jordan
5%
5 164 Indianapolis Colts S Auburn Jaylin Simpson
5%
5 151 Indianapolis Colts S Missouri Jaylon Carlies
5%
6 211 Kansas City Chiefs CB Tennessee Kamal Hadden
5%
5 167 Jacksonville Jaguars RB Texas Keilan Robinson
5%
6 199 New Orleans Saints DT Northern Iowa Khristian Boyd
5%
7 232 Minnesota Vikings DT Texas A&M-Commerce Levi Drake Rodriguez
5%
7 237 Cincinnati Bengals C Miami Matt Lee
5%
7 240 Carolina Panthers LB Michigan Michael Barrett
5%
7 230 Minnesota Vikings C Wake Forest Michael Jurgens
5%
7 236 Jacksonville Jaguars DE Texas Tech Myles Cole
5%
6 216 Dallas Cowboys WR Southeast Missouri State Ryan Flournoy
5%
6 195 Pittsburgh Steelers CB Texas Ryan Watts
5%
6 194 Cincinnati Bengals TE Arizona Tanner McLachlan
5%
6 202 Green Bay Packers OT Georgia State Travis Glover
5%
5 172 Philadelphia Eagles G Michigan Trevor Keegan
5%
6 187 Atlanta Falcons WR Illinois Casey Washington
4%
6 214 Cincinnati Bengals DE Ole Miss Cedric Johnson
4%
6 219 Buffalo Bills CB Penn State Daequan Hardy
4%
5 153 Jacksonville Jaguars CB Ole Miss Deantre Prince
4%
7 246 Tampa Bay Buccaneers TE Washington Devin Culp
4%
6 188 Houston Texans LB Oregon Jamal Hill
4%
7 222 Washington Commanders DE Notre Dame Javontae Jean-Baptiste
4%
7 252 Tennessee Titans DE Michigan Jaylen Harrell
4%
7 257 New York Jets S Alabama Jaylen Key
4%
6 182 Tennessee Titans WR Tulane Jha'Quan Jackson
4%
7 247 Houston Texans DT Auburn Marcus Harris
4%
6 201 Indianapolis Colts CB Marshall Micah Abraham
4%
7 229 Las Vegas Raiders CB Pittsburgh M.J. Devonshire
4%
7 227 Cleveland Browns CB South Dakota Myles Harden
4%
6 206 Cleveland Browns LB Mississippi State Nathaniel Watson
4%
7 228 Baltimore Ravens C Michigan State Nick Samac
4%
6 198 Miami Dolphins S California Patrick McMorris
4%
7 238 Houston Texans DE USC Solomon Byrd
4%
6 191 Arizona Cardinals WR UAB Tejhaun Palmer
4%
7 221 Buffalo Bills G N/A Travis Clayton
4%
7 223 Las Vegas Raiders S Air Force Trey Taylor
4%
6 197 Atlanta Falcons DT Georgia Zion Logue
4%
6 220 Tampa Bay Buccaneers G UTEP Elijah Klein
3%
7 226 Arizona Cardinals CB Miami Jaden Davis
3%
7 242 Tennessee Titans S Miami James Williams
3%
7 244 Dallas Cowboys DT Auburn Justin Rogers
3%
7 249 Houston Texans G Michigan LaDarius Henderson
3%
6 207 Seattle Seahawks OT Findlay Michael Jerrell
3%
7 233 Dallas Cowboys OT Louisiana Nathan Thomas
3%
7 256 Denver Broncos C South Carolina Nick Gargiulo
3%
6 179 Seattle Seahawks G Utah Sataoa Laumea
3%
7 251 San Francisco 49ers LB Florida State Tatum Bethune
3%
6 204 Buffalo Bills OT UCF Tylan Grable
3%
7 224 Cincinnati Bengals S Ole Miss Daijahn Anthony
2%
7 234 Indianapolis Colts DT Oklahoma Jonah Laulu
2%
7 239 New Orleans Saints OT Eastern Kentucky Josiah Ezirim
2%
7 243 Cleveland Browns DT Cincinnati Jowon Briggs
2%
7 254 Los Angeles Rams G Kansas State K.T. Leveston
2%
7 250 Baltimore Ravens S Purdue Sanoussi Kane
2%
No matching quizzes found
Score Distribution
Percent of People with Each Score
Percentile by Number Answered
Your Score History
You have not taken this quiz since the last reset